书目信息 |
| 题名: |
特种陶瓷工艺学
|
|
| 作者: | 周张健 编著 | |
| 分册: | ||
| 出版信息: | 北京 科学出版社 2018.06 |
|
| 页数: | 300页 | |
| 开本: | 24cm | |
| 丛书名: | ||
| 单 册: | ||
| 中图分类: | TQ174.75 | |
| 科图分类: | ||
| 主题词: | 特种陶瓷--工艺学 | |
| 电子资源: | ||
| ISBN: | 978-7-03-057916-4 | |
| 000 | 00712nam0 2200217 450 | |
| 001 | 4346 | |
| 005 | 20181011103412.83 | |
| 010 | @a978-7-03-057916-4@dCNY99.00 | |
| 100 | @a20180913d2018 em y0chiy50 ea | |
| 101 | 0 | @achi |
| 102 | @aCN@b110000 | |
| 105 | @aa z 000yy | |
| 200 | 1 | @a特种陶瓷工艺学@9te zhong tao ci gong yi xue@f周张健编著 |
| 210 | @a北京@c科学出版社@d2018.06 | |
| 215 | @a300页@c图@d24cm | |
| 330 | @a本书以成分-工艺-显微结构-性能控制之间的关系为主线,突出反映特种陶瓷共性的工艺原理与技术,注重介绍学科前沿及发展动向。 | |
| 606 | 0 | @a特种陶瓷@x工艺学 |
| 690 | @aTQ174.75@v5 | |
| 701 | 0 | @a周张健@9zhou zhang jian@4编著 |
| 801 | 0 | @aCN@b91MARC@c20180913 |
| 905 | @aMuseLib@dTQ174.75@e71 | |
| 特种陶瓷工艺学/周张健编著.-北京:科学出版社,2018.06 |
| 300页:图;24cm |
| ISBN 978-7-03-057916-4:CNY99.00 |
| 本书以成分-工艺-显微结构-性能控制之间的关系为主线,突出反映特种陶瓷共性的工艺原理与技术,注重介绍学科前沿及发展动向。 |
| ● |
| 相关链接 |
|
|
|
|
正题名:特种陶瓷工艺学
索取号:TQ174.75/71
 
预约/预借
| 序号 | 登录号 | 条形码 | 馆藏地/架位号 | 状态 | 备注 |
| 1 | 1124721 | 211247211 | 第二样本阅览室/ [索取号:TQ174.75/71] | 在馆 | |
| 2 | 1124722 | 211247220 | 化学系资料室/ [索取号:TQ174.75/71] | 在馆 | |
| 3 | 1124723 | 211247239 | 第三借阅区/ [索取号:TQ174.75/71] | 在馆 | |
| 4 | 1124724 | 211247248 | 第三借阅区/ [索取号:TQ174.75/71] | 在馆 | |
| 5 | 1124725 | 211247257 | 第三借阅区/ [索取号:TQ174.75/71] | 在馆 |